000 00524nam a2200181Ia 4500
999 _c3545
_d3545
003 OSt
005 20200814145208.0
008 190216s9999||||xx |||||||||||||| ||und||
020 _a9783527292318
040 _coclc
082 _a547.70459
_bNIC/C
100 _aNicolaou, K C
_94144
245 0 _aClassics In Total Synthesis /
_cK C Nicolaou ; E J Sorensen
260 _bWeinheim,
_c2008.
_aNew York:
300 _a798p
650 _aChemistry
942 _cBK
_2ddc
_h547.70459
_iNIC/C
_k547.70459
_mNIC/C